000 00277nam a2200121Ia 4500
005 20251222154403.0
008 251222s9999||||xx |||||||||||||| ||spa||
082 _a860.9/T72
100 _a"Torri, Julio"
245 0 _aLa literatura espaƱola
250 _a4a.ed.
942 _cLIB
999 _c35350
_d35350